书目信息 |
| 题名: |
园林装饰小品
|
|
| 作者: | 阎宏伟 译 | |
| 分册: | ||
| 出版信息: | 沈阳 辽宁科学技术出版社 2001.12 |
|
| 页数: | 144页 | |
| 开本: | 26cm | |
| 丛书名: | ||
| 单 册: | ||
| 中图分类: | TU986.48 | |
| 科图分类: | ||
| 主题词: | 园林--规划 , 公园--绿化规划 | |
| 电子资源: | ||
| ISBN: | 7-5381-3440-9 | |
| 000 | 00589nam0 2200205 45 | |
| 001 | 0232983309 | |
| 005 | 2002040909094330 | |
| 010 | @a7-5381-3440-9@dRMB 96.00 | |
| 100 | @a20020409d2001 km y0chiy0120 ea | |
| 101 | 0 | @achi |
| 102 | @aCN@b210000 | |
| 200 | 1 | @a园林装饰小品@Ayuan lin zhuang shi xiao pin@f阎宏伟等译@FYan Hong Wei Deng Yi |
| 210 | @a沈阳@c辽宁科学技术出版社@d2001.12 | |
| 215 | @a144页@d26cm | |
| 606 | 0 | @a园林@x规划 |
| 606 | 0 | @a公园@x绿化规划 |
| 690 | @aTU986.48@v3 | |
| 701 | 0 | @a阎宏伟@AYan Hong Wei@4译 |
| 801 | 0 | @aCN@bPFT@c20020409 |
| 905 | @a10447@dTU986.48@eY090 | |
| 园林装饰小品/阎宏伟等译.-沈阳:辽宁科学技术出版社,2001.12 |
| 144页;26cm |
| ISBN 7-5381-3440-9:RMB 96.00 |
| ● |
| 相关链接 |
|
|
|
正题名:园林装饰小品
索取号:TU986.48/Y090
 
预约/预借
| 序号 | 登录号 | 条形码 | 馆藏地/架位号 | 状态 | 备注 |
| 1 | 355696 | 203556963 | 建筑库201/201建筑库 118排1列4层/ [索取号:TU986.48/Y090] | 在馆 | |
| 2 | 355697 | 203556972 | 建筑库201/201建筑库 118排1列4层/ [索取号:TU986.48/Y090] | 在馆 |